ბათუმის შოთა რუსთაველის სახელმწიფო უნივერსიტეტის ბიბლიოთეკა

The next always: (ბიბ.ჩანაწერი № 45226)

000 -LEADER
fixed length control field 00658nam a2200217Ia 4500
001 - CONTROL NUMBER
control field 12049
003 - CONTROL NUMBER IDENTIFIER
control field GE_BSU
005 - DATE AND TIME OF LATEST TRANSACTION
control field 20221118165743.0
008 - FIXED-LENGTH DATA ELEMENTS--GENERAL INFORMATION
fixed length control field 181216s2011en xx |||||||||||||| ||eng||
020 ## - INTERNATIONAL STANDARD BOOK NUMBER
International Standard Book Number 9780749955366x
040 ## - CATALOGING SOURCE
Transcribing agency GE_BSU
041 ## - LANGUAGE CODE
Language code of text/sound track or separate title eng
080 ## - UNIVERSAL DECIMAL CLASSIFICATION NUMBER
Universal Decimal Classification number 821.111-32 R-66
100 ## - MAIN ENTRY--PERSONAL NAME
Personal name Roberts, Nora
9 (RLIN) 15947
245 #4 - TITLE STATEMENT
Title The next always:
Remainder of title Book one of the inn at boonsboro Trilogy /
Statement of responsibility, etc. Nora Roberts
264 ## - PRODUCTION, PUBLICATION, DISTRIBUTION, MANUFACTURE, AND COPYRIGHT NOTICE
Place of production, publication, distribution, manufacture London :
Name of producer, publisher, distributor, manufacturer Plaktus,
Date of production, publication, distribution, manufacture, or copyright notice 2011.
300 ## - PHYSICAL DESCRIPTION
Extent 341p .:
Other physical details 20cm.
653 ## - INDEX TERM--UNCONTROLLED
keyword The next always:Book one of the inn at boonsboro Trilogy.
653 ## - INDEX TERM--UNCONTROLLED
keyword მხატვერული ლიტერატურა
942 ## - ADDED ENTRY ELEMENTS (KOHA)
Koha item type წიგნი
Source of classification or shelving scheme
ეგზემპლარები
Withdrawn status Lost status Source of classification or shelving scheme Damaged status Not for loan Permanent Location Current Location Shelving location Date acquired Full call number Barcode Date last seen Copy number Price effective from Koha item type
          ბათუმის შოთა რუსთაველის სახელმწიფო უნივერსიტეტის მთავარი ბიბლიოთეკა ბათუმის შოთა რუსთაველის სახელმწიფო უნივერსიტეტის მთავარი ბიბლიოთეკა წიგნსაცავი 2018-12-17 821.111-32 R-66 35645 2018-12-17 35645 2018-12-17 წიგნი